banner-ar

المسرح الثورى: دراسات فى الدراما الحديثة من ابسن الى جان جينيه / (Record no. 49887)

MARC details
000 -الفاتح
حقل البيانات ثابتة الطول 00682nam a2200193Ia 4500
008 - عناصر البيانات ثابتة الطول - معلومات عامة
حقل البيانات ثابتة الطول 140319s9999 xx 000 0 ara d
040 ## - مصدر الفهرسة
وكالة الفهرسة الأصلية GCL /
وكالة النسخ GCL
082 04 - رقم تصنيف ديوى العشرى
رقم التصنيف 812.9
رقم المادة ب م
100 1# - المدخل الرئيسى - إسم شخصى
الإسم الشخصى عبدالحليم البشلاوى
245 10 - بيان العنوان
العنوان المسرح الثورى: دراسات فى الدراما الحديثة من ابسن الى جان جينيه /
بيان المسئوليه,etc عبدالحليم البشلاوى
700 1# - المدخل الاضافى - اسم شخصى
الإسم الشخصى بروستاين، روبرت
300 ## - الوصف المادى
التعداد 370 ص
490 ## - بيان السلسلة
عنوان السلسلة بحوث اجتماعية
رقم المجلد/ التعيين التسلسلي 0
650 04 - المدخل الاضافى بالموضوع-مصطلح موضوعى
مصطلح موضوعي المسرح - تاريخ ونقد
650 04 - المدخل الاضافى بالموضوع-مصطلح موضوعى
مصطلح موضوعي الدراما المسرحية
650 04 - المدخل الاضافى بالموضوع-مصطلح موضوعى
مصطلح موضوعي المسرح الحديث
942 ## - عناصر المدخل الإضافي( كوها)
مصدر التصنيف او مخطط الترفيف Dewey Decimal Classification
Koha [default] item type كتاب
Holdings
حالة التراجع حالة الفقد حالة تلف ليس للاعارة المكان المؤقت الموقع الحالى تاريخ الاكتساب اجمالي اﻻعارات رقم الطلب الباركود تاريخ اخر مشاهدة تاريخ تفعيل السعر نوع وعاء كوها
        مكتبة القاهرة الكبرى مكتبة القاهرة الكبرى 03/26/2014   812.9\ب م 119690 03/26/2014 03/26/2014 كتاب
        مكتبة القاهرة الكبرى مكتبة القاهرة الكبرى 03/26/2014   812.9\ب م 119691 03/26/2014 03/26/2014 كتاب

Powered By

EGPV